| 000 | 00618nam a2200205 a 4500 | ||
|---|---|---|---|
| 005 | 20240605063846.0 | ||
| 008 | 010622s1999 mx r 000 0 spa d | ||
| 020 | _a9508020954 | ||
| 035 | _aUPN01000108854 | ||
| 049 | _aCG | ||
| 050 | 4 |
_aLB1029 P7 _bP3.2 |
|
| 100 | 1 |
_aPalladino, Enrique _932593 |
|
| 245 | 1 | 0 |
_aCómo diseñar y elaborar proyectos : _belaboración-planificación-evaluación / _cEnrique Palladino. |
| 260 |
_aBuenos Aires : _bEspacio, _c1999. |
||
| 300 | _a156 p. | ||
| 440 | _aDidáctica | ||
| 650 | 4 |
_aMétodo de proyectos en la enseñanza _94050 |
|
| 650 | 2 |
_aProyectos _913775 |
|
| 905 | _aLibro | ||
| 999 |
_c82765 _d82765 |
||